[Event "XXVII MISTRZOSTWA WOJEWÓDZTWA PODLASKIEGO JUNIORÓW DO LAT 14 - C14"]
[Site "Białystok, Poland"]
[Date "2025.05.31"]
[Round "4.2"]
[White "Chojnowski, Jakub"]
[Black "Pawluczuk, Maciej"]
[Result "0-1"]
[WhiteElo "1504"]
[BlackElo "1427"]

1. e4 {[%clk 00:30:58]} {[%emt 00:00:02]} c5 {[%clk 00:30:52]} {[%emt
00:00:08]} 2. Ne2 {[%clk 00:31:24]} {[%emt 00:00:04]} d6 {[%clk 00:31:15]}
{[%emt 00:00:07]} 3. Nbc3 {[%clk 00:31:45]} {[%emt 00:00:10]} e5 {[%clk
00:31:32]} {[%emt 00:00:12]} 4. d3 {[%clk 00:31:20]} {[%emt 00:00:55]} h6
{[%clk 00:31:27]} {[%emt 00:00:35]} 5. g3 {[%clk 00:31:30]} {[%emt 00:00:21]}
Nf6 {[%clk 00:31:13]} {[%emt 00:00:44]} 6. Bg2 {[%clk 00:31:55]} {[%emt
00:00:04]} Nc6 {[%clk 00:30:56]} {[%emt 00:00:47]} 7. O-O {[%clk 00:30:47]}
{[%emt 00:01:39]} Be6 {[%clk 00:29:29]} {[%emt 00:01:57]} 8. h3 {[%clk
00:31:11]} {[%emt 00:00:06]} Qd7 {[%clk 00:29:27]} {[%emt 00:00:32]} 9. Kh2
{[%clk 00:31:36]} {[%emt 00:00:04]} g5 {[%clk 00:29:10]} {[%emt 00:00:47]} 10.
Nd5 {[%clk 00:28:58]} {[%emt 00:03:08]} Bxd5 {[%clk 00:29:09]} {[%emt
00:00:32]} 11. exd5 {[%clk 00:29:09]} {[%emt 00:00:20]} Ne7 {[%clk 00:29:31]}
{[%emt 00:00:07]} 12. c4 {[%clk 00:28:55]} {[%emt 00:00:44]} Rg8 {[%clk
00:28:58]} {[%emt 00:01:02]} 13. Nc3 {[%clk 00:24:26]} {[%emt 00:04:59]} O-O-O
{[%clk 00:26:22]} {[%emt 00:03:07]} 14. Be3 {[%clk 00:22:54]} {[%emt 00:02:02]}
Nf5 {[%clk 00:25:19]} {[%emt 00:01:31]} 15. a3 {[%clk 00:21:15]} {[%emt
00:02:11]} Nd4 {[%clk 00:23:49]} {[%emt 00:01:59]} 16. Bxd4 {[%clk 00:19:36]}
{[%emt 00:02:09]} exd4 {[%clk 00:23:54]} {[%emt 00:00:26]} 17. Ne2 {[%clk
00:18:30]} {[%emt 00:01:36]} h5 {[%clk 00:21:57]} {[%emt 00:02:27]} 18. b4
{[%clk 00:18:49]} {[%emt 00:00:11]} Re8 {[%clk 00:21:28]} {[%emt 00:00:59]} 19.
Qd2 {[%clk 00:14:29]} {[%emt 00:04:48]} Qa4 {[%clk 00:19:40]} {[%emt 00:02:16]}
20. Rfb1 {[%clk 00:14:25]} {[%emt 00:00:37]} b6 {[%clk 00:19:04]} {[%emt
00:01:06]} 21. b5 {[%clk 00:14:20]} {[%emt 00:00:36]} Bh6 {[%clk 00:18:33]}
{[%emt 00:01:01]} 22. Nxd4 {[%clk 00:10:24]} {[%emt 00:04:26]} cxd4 {[%clk
00:18:41]} {[%emt 00:00:21]} 23. Rb4 {[%clk 00:10:51]} {[%emt 00:00:03]} Qa5
{[%clk 00:18:59]} {[%emt 00:00:10]} 24. Qc2 {[%clk 00:11:18]} {[%emt 00:00:05]}
Re7 {[%clk 00:18:35]} {[%emt 00:00:54]} 25. Ra4 {[%clk 00:09:05]} {[%emt
00:02:44]} Qc3 {[%clk 00:18:58]} {[%emt 00:00:06]} 26. Qxc3 {[%clk 00:08:22]}
{[%emt 00:01:13]} dxc3 {[%clk 00:19:17]} {[%emt 00:00:12]} 27. Rc1 {[%clk
00:08:49]} {[%emt 00:00:03]} Bg7 {[%clk 00:19:37]} {[%emt 00:00:09]} 28. Rc2
{[%clk 00:04:42]} {[%emt 00:04:38]} Kb7 {[%clk 00:19:26]} {[%emt 00:00:39]} 29.
d4 {[%clk 00:03:47]} {[%emt 00:01:27]} Nd7 {[%clk 00:19:01]} {[%emt 00:00:55]}
30. c5 {[%clk 00:04:12]} {[%emt 00:00:05]} bxc5 {[%clk 00:19:15]} {[%emt
00:00:16]} 31. dxc5 {[%clk 00:04:24]} {[%emt 00:00:18]} Nxc5 {[%clk 00:19:36]}
{[%emt 00:00:09]} 32. Rc4 {[%clk 00:04:44]} {[%emt 00:00:09]} Kb6 {[%clk
00:19:37]} {[%emt 00:00:27]} 33. Bf1 {[%clk 00:04:10]} {[%emt 00:01:06]} Rge8
{[%clk 00:19:38]} {[%emt 00:00:29]} 34. Kg2 {[%clk 00:04:13]} {[%emt 00:00:28]}
f5 {[%clk 00:19:50]} {[%emt 00:00:18]} 35. f4 {[%clk 00:04:10]} {[%emt
00:00:33]} g4 {[%clk 00:19:55]} {[%emt 00:00:25]} 36. a4 {[%clk 00:04:17]}
{[%emt 00:00:23]} Ka5 {[%clk 00:20:03]} {[%emt 00:00:21]} 37. h4 {[%clk
00:04:15]} {[%emt 00:00:33]} Re1 {[%clk 00:20:05]} {[%emt 00:00:27]} 38. Kg1
{[%clk 00:04:12]} {[%emt 00:00:34]} R8e3 {[%clk 00:20:15]} {[%emt 00:00:19]} 39.
Kg2 {[%clk 00:04:29]} {[%emt 00:00:14]} Rd1 {[%clk 00:20:13]} {[%emt 00:00:32]}
40. Be2 {[%clk 00:03:27]} {[%emt 00:01:32]} Rxd5 {[%clk 00:20:23]} {[%emt
00:00:20]} 0-1

[Event "XXVII MISTRZOSTWA WOJEWÓDZTWA PODLASKIEGO JUNIORÓW DO LAT 14 - C14"]
[Site "Białystok, Poland"]
[Date "2025.05.31"]
[Round "4.3"]
[White "Gardocki, Michal"]
[Black "Wnorowski, Wiktor"]
[Result "0-1"]
[WhiteElo "1469"]
[BlackElo "1674"]

1. e4 {[%clk 00:30:53]} {[%emt 00:00:05]} c5 {[%clk 00:30:57]} {[%emt
00:00:04]} 2. Nf3 {[%clk 00:31:19]} {[%emt 00:00:05]} Nc6 {[%clk 00:31:19]}
{[%emt 00:00:08]} 3. c3 {[%clk 00:31:36]} {[%emt 00:00:13]} d5 {[%clk
00:31:43]} {[%emt 00:00:06]} 4. exd5 {[%clk 00:31:54]} {[%emt 00:00:12]} Qxd5
{[%clk 00:32:09]} {[%emt 00:00:03]} 5. Be2 {[%clk 00:31:40]} {[%emt 00:00:44]}
Nf6 {[%clk 00:32:11]} {[%emt 00:00:28]} 6. O-O {[%clk 00:31:45]} {[%emt
00:00:25]} g6 {[%clk 00:28:34]} {[%emt 00:04:07]} 7. d3 {[%clk 00:31:15]}
{[%emt 00:01:01]} Bg7 {[%clk 00:27:19]} {[%emt 00:01:44]} 8. Ng5 {[%clk
00:30:59]} {[%emt 00:00:47]} Bf5 {[%clk 00:24:19]} {[%emt 00:03:29]} 9. Bf3
{[%clk 00:29:46]} {[%emt 00:01:43]} Qxd3 {[%clk 00:21:35]} {[%emt 00:03:14]} 10.
Qb3 {[%clk 00:30:12]} {[%emt 00:00:05]} O-O {[%clk 00:21:17]} {[%emt 00:00:48]}
11. Qxb7 {[%emt 00:01:12]} Ne5 {[%clk 00:20:44]} 12. Qxe7 {[%clk 00:30:33]}
{[%emt 00:00:29]} Nxf3+ {[%clk 00:21:01]} {[%emt 00:00:14]} 13. Nxf3 {[%clk
00:30:59]} {[%emt 00:00:04]} Rfe8 {[%clk 00:13:53]} {[%emt 00:07:37]} 14. Qxc5
{[%clk 00:30:16]} {[%emt 00:01:13]} Rad8 {[%clk 00:13:32]} {[%emt 00:00:51]} 15.
Be3 {[%clk 00:30:31]} {[%emt 00:00:15]} Ng4 {[%clk 00:12:44]} {[%emt 00:01:18]}
16. Bd4 {[%clk 00:30:00]} {[%emt 00:01:02]} Bxd4 {[%clk 00:13:02]} {[%emt
00:00:12]} 17. Nxd4 {[%clk 00:29:56]} {[%emt 00:00:34]} Qxf1+ {[%clk 00:12:55]}
{[%emt 00:00:36]} 18. Kxf1 {[%emt 00:00:08]} Bd3+ 19. Ne2 {[%clk 00:30:18]}
Bxe2+ {[%clk 00:13:24]} 0-1

[Event "XXVII MISTRZOSTWA WOJEWÓDZTWA PODLASKIEGO JUNIORÓW DO LAT 14 - C14"]
[Site "Białystok, Poland"]
[Date "2025.05.31"]
[Round "5.1"]
[White "Wnorowski, Wiktor"]
[Black "Jasiulewicz, Kamil"]
[Result "1-0"]
[WhiteElo "1674"]
[BlackElo "1658"]

1. d4 {[%clk 00:30:59]} {[%emt 00:00:01]} Nf6 {[%clk 00:30:48]} {[%emt
00:00:12]} 2. c4 {[%clk 00:31:20]} {[%emt 00:00:08]} g6 {[%clk 00:30:58]}
{[%emt 00:00:21]} 3. Nc3 {[%clk 00:31:39]} {[%emt 00:00:10]} Bg7 {[%clk
00:31:12]} {[%emt 00:00:17]} 4. e4 {[%clk 00:32:00]} {[%emt 00:00:09]} d6
{[%clk 00:31:32]} {[%emt 00:00:09]} 5. Bd3 {[%clk 00:29:43]} {[%emt 00:02:48]}
c5 {[%clk 00:28:28]} {[%emt 00:03:34]} 6. d5 {[%clk 00:29:41]} {[%emt
00:00:33]} Nbd7 {[%clk 00:27:48]} {[%emt 00:01:09]} 7. Nf3 {[%clk 00:28:53]}
{[%emt 00:01:16]} O-O {[%clk 00:27:18]} {[%emt 00:01:01]} 8. h3 {[%clk
00:28:12]} {[%emt 00:01:11]} Re8 {[%clk 00:27:40]} {[%emt 00:00:08]} 9. O-O
{[%clk 00:28:05]} {[%emt 00:00:37]} e6 {[%clk 00:27:31]} {[%emt 00:00:39]} 10.
Bf4 {[%clk 00:28:06]} {[%emt 00:00:29]} exd5 {[%clk 00:26:29]} {[%emt
00:01:33]} 11. exd5 {[%clk 00:28:21]} {[%emt 00:00:15]} Ne5 {[%clk 00:25:49]}
{[%emt 00:01:09]} 12. Nxe5 {[%clk 00:26:03]} {[%emt 00:02:48]} dxe5 {[%clk
00:26:06]} {[%emt 00:00:13]} 13. Be3 {[%clk 00:25:33]} {[%emt 00:01:00]} b6
{[%clk 00:25:50]} {[%emt 00:00:47]} 14. Qd2 {[%clk 00:22:40]} {[%emt 00:03:22]}
Ba6 {[%clk 00:24:02]} {[%emt 00:02:18]} 15. Bh6 {[%clk 00:20:31]} {[%emt
00:02:39]} Bh8 {[%clk 00:23:35]} {[%emt 00:00:57]} 16. Bg5 {[%clk 00:18:59]}
{[%emt 00:02:02]} Qd7 {[%clk 00:23:51]} {[%emt 00:00:12]} 17. Rfe1 {[%clk
00:18:04]} {[%emt 00:01:27]} Nh5 {[%clk 00:22:08]} {[%emt 00:02:13]} 18. Be2
{[%clk 00:16:15]} {[%emt 00:02:19]} Nf6 {[%clk 00:18:39]} {[%emt 00:04:00]} 19.
Rad1 {[%clk 00:14:48]} {[%emt 00:01:57]} h5 {[%clk 00:18:37]} {[%emt 00:00:32]}
20. Bf1 {[%clk 00:14:54]} {[%emt 00:00:23]} Nh7 {[%clk 00:16:57]} {[%emt
00:02:10]} 21. Be3 {[%clk 00:13:13]} {[%emt 00:02:11]} f5 {[%clk 00:17:03]}
{[%emt 00:00:24]} 22. f3 {[%clk 00:13:09]} {[%emt 00:00:34]} Bf6 {[%clk
00:17:13]} {[%emt 00:00:20]} 23. b3 {[%clk 00:11:48]} {[%emt 00:01:51]} Rad8
{[%clk 00:17:20]} {[%emt 00:00:24]} 24. Rc1 {[%clk 00:10:46]} {[%emt 00:01:32]}
Qe7 {[%clk 00:15:48]} {[%emt 00:02:02]} 25. a4 {[%clk 00:09:51]} {[%emt
00:01:25]} Bb7 {[%clk 00:15:23]} {[%emt 00:00:54]} 26. a5 {[%clk 00:09:32]}
{[%emt 00:00:50]} Qg7 {[%clk 00:13:47]} {[%emt 00:02:06]} 27. axb6 {[%clk
00:08:58]} {[%emt 00:01:04]} axb6 {[%clk 00:14:11]} {[%emt 00:00:06]} 28. Na4
{[%clk 00:08:55]} {[%emt 00:00:32]} Qc7 {[%clk 00:13:56]} {[%emt 00:00:44]} 29.
b4 {[%clk 00:08:40]} {[%emt 00:00:46]} Be7 {[%clk 00:13:40]} {[%emt 00:00:46]}
30. bxc5 {[%clk 00:08:48]} {[%emt 00:00:22]} bxc5 {[%clk 00:13:47]} {[%emt
00:00:24]} 31. Qf2 {[%clk 00:07:22]} {[%emt 00:01:55]} Rc8 {[%clk 00:13:44]}
{[%emt 00:00:33]} 32. Rb1 {[%clk 00:06:59]} {[%emt 00:00:53]} f4 {[%clk
00:13:42]} {[%emt 00:00:32]} 33. Bd2 {[%clk 00:07:05]} {[%emt 00:00:24]} Ra8
{[%clk 00:13:58]} {[%emt 00:00:14]} 34. Nc3 {[%clk 00:06:59]} {[%emt 00:00:36]}
Ba6 {[%clk 00:12:04]} {[%emt 00:02:25]} 35. Ne4 {[%clk 00:06:38]} {[%emt
00:00:51]} Ng5 {[%clk 00:11:33]} {[%emt 00:01:00]} 36. Nxg5 {[%clk 00:06:20]}
{[%emt 00:00:48]} Bxg5 {[%clk 00:12:00]} {[%emt 00:00:02]} 37. Bc3 {[%clk
00:06:30]} {[%emt 00:00:21]} Bf6 {[%clk 00:12:17]} {[%emt 00:00:14]} 38. Qc2
{[%clk 00:06:16]} {[%emt 00:00:44]} Kf7 {[%clk 00:12:12]} {[%emt 00:00:35]} 39.
Bd3 {[%clk 00:06:28]} {[%emt 00:00:17]} Rg8 {[%clk 00:12:37]} {[%emt 00:00:05]}
40. Rbd1 {[%clk 00:04:44]} {[%emt 00:02:15]} Qd6 {[%clk 00:12:32]} {[%emt
00:00:35]} 41. Re2 {[%clk 00:04:47]} {[%emt 00:00:26]} Bg7 {[%clk 00:12:17]}
{[%emt 00:00:45]} 42. Rde1 {[%clk 00:05:00]} {[%emt 00:00:17]} Rge8 {[%clk
00:12:33]} {[%emt 00:00:14]} 43. Re4 {[%clk 00:04:24]} {[%emt 00:01:06]} Bc8
{[%clk 00:11:55]} {[%emt 00:01:08]} 44. R4e2 {[%clk 00:03:53]} {[%emt
00:01:01]} Bd7 {[%clk 00:12:10]} {[%emt 00:00:15]} 45. Rb1 {[%clk 00:03:47]}
{[%emt 00:00:35]} Ra3 {[%clk 00:08:42]} {[%emt 00:03:59]} 46. Be4 {[%clk
00:03:24]} {[%emt 00:00:53]} Ra6 {[%clk 00:08:34]} {[%emt 00:00:38]} 47. Rb7
{[%clk 00:03:30]} {[%emt 00:00:24]} Ke7 {[%clk 00:07:58]} {[%emt 00:01:06]} 48.
Bd3 {[%clk 00:03:20]} {[%emt 00:00:40]} Kd8 {[%clk 00:04:52]} {[%emt 00:03:37]}
49. Qb2 {[%clk 00:03:31]} {[%emt 00:00:18]} Kc8 {[%clk 00:04:30]} {[%emt
00:00:52]} 50. Bxg6 {[%clk 00:03:20]} {[%emt 00:00:42]} Re7 {[%clk 00:03:03]}
{[%emt 00:01:57]} 51. Bxh5 {[%clk 00:03:09]} {[%emt 00:00:39]} Ra8 {[%clk
00:03:06]} {[%emt 00:00:29]} 52. Rb6 {[%clk 00:03:09]} {[%emt 00:00:29]} Qc7
{[%clk 00:03:26]} {[%emt 00:00:10]} 53. d6 {[%clk 00:03:31]} {[%emt 00:00:09]}
1-0

[Event "XXVII MISTRZOSTWA WOJEWÓDZTWA PODLASKIEGO JUNIORÓW DO LAT 14 - C14"]
[Site "Białystok, Poland"]
[Date "2025.05.31"]
[Round "5.2"]
[White "Pawluczuk, Maciej"]
[Black "Gardocki, Michal"]
[Result "1-0"]
[WhiteElo "1427"]
[BlackElo "1469"]

1. e4 {[%clk 00:30:57]} {[%emt 00:00:02]} e5 {[%clk 00:30:48]} {[%emt
00:00:12]} 2. Nf3 {[%clk 00:31:23]} {[%emt 00:00:05]} Nc6 {[%clk 00:31:14]}
{[%emt 00:00:04]} 3. Bc4 {[%clk 00:31:48]} {[%emt 00:00:05]} Nf6 {[%clk
00:31:40]} {[%emt 00:00:03]} 4. d4 {[%clk 00:32:13]} {[%emt 00:00:06]} exd4
{[%clk 00:32:02]} {[%emt 00:00:08]} 5. e5 {[%clk 00:32:35]} {[%emt 00:00:09]}
d5 {[%clk 00:32:11]} {[%emt 00:00:21]} 6. Bb5 {[%clk 00:32:40]} {[%emt
00:00:24]} Ne4 {[%clk 00:32:13]} {[%emt 00:00:28]} 7. Nxd4 {[%clk 00:32:51]}
{[%emt 00:00:19]} Bd7 {[%clk 00:32:26]} {[%emt 00:00:18]} 8. Nxc6 {[%clk
00:32:51]} {[%emt 00:00:30]} Bxc6 {[%clk 00:32:42]} {[%emt 00:00:14]} 9. Bxc6+
{[%clk 00:33:10]} {[%emt 00:00:10]} bxc6 {[%clk 00:33:04]} {[%emt 00:00:07]} 10.
O-O {[%clk 00:33:23]} {[%emt 00:00:18]} Bc5 {[%clk 00:33:24]} {[%emt 00:00:10]}
11. Qg4 {[%clk 00:33:14]} {[%emt 00:00:38]} g5 {[%clk 00:32:54]} {[%emt
00:01:00]} 12. e6 {[%clk 00:33:14]} {[%emt 00:00:30]} Qe7 {[%clk 00:33:01]}
{[%emt 00:00:23]} 13. exf7+ {[%clk 00:33:05]} {[%emt 00:00:39]} Qxf7 {[%clk
00:33:25]} {[%emt 00:00:06]} 14. Be3 {[%clk 00:33:20]} {[%emt 00:00:15]} Bxe3
{[%clk 00:33:01]} {[%emt 00:00:55]} 15. fxe3 {[%clk 00:33:39]} {[%emt
00:00:10]} Qg6 {[%clk 00:33:06]} {[%emt 00:00:26]} 16. Nc3 {[%clk 00:33:52]}
{[%emt 00:00:16]} h5 {[%clk 00:33:18]} {[%emt 00:00:19]} 17. Qe2 {[%clk
00:33:30]} {[%emt 00:00:51]} Kd7 {[%clk 00:33:15]} {[%emt 00:00:34]} 18. Qd3
{[%clk 00:33:37]} {[%emt 00:00:20]} Rae8 {[%clk 00:33:23]} {[%emt 00:00:24]} 19.
Rad1 {[%clk 00:33:18]} {[%emt 00:00:49]} h4 {[%clk 00:33:10]} {[%emt 00:00:43]}
20. Nxd5 {[%clk 00:33:30]} {[%emt 00:00:19]} cxd5 {[%clk 00:33:21]} {[%emt
00:00:19]} 21. Qxd5+ {[%clk 00:33:54]} {[%emt 00:00:06]} Qd6 {[%clk 00:33:34]}
{[%emt 00:00:17]} 22. Qf7+ {[%clk 00:34:03]} {[%emt 00:00:20]} Re7 {[%clk
00:33:45]} {[%emt 00:00:19]} 23. Rxd6+ {[%clk 00:34:18]} {[%emt 00:00:15]} Nxd6
{[%clk 00:34:06]} {[%emt 00:00:09]} 24. Qb3 {[%clk 00:34:26]} {[%emt 00:00:22]}
Rhe8 {[%clk 00:34:12]} {[%emt 00:00:25]} 25. Qa4+ {[%clk 00:34:43]} {[%emt
00:00:13]} Kc8 {[%clk 00:34:33]} {[%emt 00:00:09]} 26. Qxa7 {[%clk 00:34:50]}
{[%emt 00:00:23]} Rxe3 {[%clk 00:34:46]} {[%emt 00:00:16]} 27. Qa8+ {[%clk
00:35:01]} {[%emt 00:00:18]} Kd7 {[%clk 00:35:07]} {[%emt 00:00:10]} 28. Qa4+
{[%clk 00:35:26]} {[%emt 00:00:06]} Kc8 {[%clk 00:35:27]} {[%emt 00:00:09]} 29.
Qg4+ {[%clk 00:35:49]} {[%emt 00:00:06]} Kb8 {[%clk 00:35:31]} {[%emt
00:00:28]} 30. Qxg5 {[%clk 00:36:10]} {[%emt 00:00:09]} Re1 {[%clk 00:35:47]}
{[%emt 00:00:12]} 31. Qxh4 {[%clk 00:36:11]} {[%emt 00:00:28]} R1e4 {[%clk
00:35:34]} {[%emt 00:00:45]} 32. Qh3 {[%clk 00:36:16]} {[%emt 00:00:20]} Nc4
{[%clk 00:35:43]} {[%emt 00:00:25]} 33. Qb3+ {[%clk 00:36:04]} {[%emt
00:00:43]} Kc8 {[%clk 00:36:04]} {[%emt 00:00:09]} 34. Qc3 {[%clk 00:36:27]}
{[%emt 00:00:07]} Ne3 {[%clk 00:36:00]} {[%emt 00:00:35]} 35. Re1 {[%clk
00:36:34]} {[%emt 00:00:21]} Rc4 {[%clk 00:35:56]} {[%emt 00:00:36]} 36. Qxc4
{[%clk 00:36:45]} {[%emt 00:00:19]} Nxc4 {[%clk 00:36:07]} {[%emt 00:00:19]} 37.
Rxe8+ {[%clk 00:37:09]} {[%emt 00:00:06]} Kd7 {[%clk 00:36:34]} {[%emt
00:00:03]} 38. Rb8 {[%clk 00:37:30]} {[%emt 00:00:08]} Ne3 {[%clk 00:37:00]}
{[%emt 00:00:05]} 39. a4 {[%clk 00:37:49]} {[%emt 00:00:11]} Nxc2 {[%clk
00:37:25]} {[%emt 00:00:05]} 40. a5 {[%clk 00:38:14]} {[%emt 00:00:05]} c6
{[%clk 00:37:52]} {[%emt 00:00:02]} 41. a6 {[%clk 00:38:39]} {[%emt 00:00:06]}
1-0

[Event "XXVII MISTRZOSTWA WOJEWÓDZTWA PODLASKIEGO JUNIORÓW DO LAT 14 - C14"]
[Site "Białystok, Poland"]
[Date "2025.05.31"]
[Round "5.3"]
[White "Boguszewski, Kacper"]
[Black "Chojnowski, Jakub"]
[Result "1-0"]
[WhiteElo "1689"]
[BlackElo "1504"]

1. e4 {[%clk 00:30:59]} e6 {[%clk 00:30:57]} {[%emt 00:00:03]} 2. d4 {[%clk
00:31:27]} {[%emt 00:00:02]} d5 {[%clk 00:31:26]} 3. Bd3 {[%clk 00:31:54]}
{[%emt 00:00:04]} Nc6 {[%clk 00:31:32]} {[%emt 00:00:24]} 4. c3 {[%clk
00:31:56]} {[%emt 00:00:28]} Nge7 {[%clk 00:30:45]} {[%emt 00:01:17]} 5. Bg5
{[%clk 00:31:21]} {[%emt 00:01:04]} g6 {[%clk 00:31:07]} {[%emt 00:00:08]} 6.
Bf6 {[%clk 00:31:33]} {[%emt 00:00:19]} Rg8 {[%clk 00:31:18]} {[%emt 00:00:18]}
7. Ne2 {[%clk 00:31:33]} {[%emt 00:00:30]} dxe4 {[%clk 00:29:30]} {[%emt
00:02:18]} 8. Bxe4 {[%clk 00:31:55]} {[%emt 00:00:08]} Qd6 {[%clk 00:29:53]}
{[%emt 00:00:08]} 9. Bh4 {[%clk 00:31:36]} {[%emt 00:00:46]} f5 {[%clk
00:28:04]} {[%emt 00:02:22]} 10. Bxc6+ {[%clk 00:25:05]} {[%emt 00:07:01]} Qxc6
{[%clk 00:26:57]} {[%emt 00:01:37]} 11. f3 {[%clk 00:24:15]} {[%emt 00:01:21]}
Bd7 {[%clk 00:25:18]} {[%emt 00:02:09]} 12. Nd2 {[%clk 00:23:23]} {[%emt
00:01:20]} g5 {[%clk 00:23:00]} {[%emt 00:02:49]} 13. Bg3 {[%clk 00:23:18]}
{[%emt 00:00:24]} O-O-O {[%clk 00:23:16]} {[%emt 00:00:24]} 14. Qb3 {[%clk
00:23:30]} {[%emt 00:00:14]} Nd5 {[%clk 00:17:54]} {[%emt 00:05:57]} 15. Nc4
{[%clk 00:22:43]} {[%emt 00:01:16]} Bg7 {[%clk 00:18:08]} {[%emt 00:00:16]} 16.
Be5 {[%clk 00:22:33]} {[%emt 00:00:40]} Nf6 {[%clk 00:15:44]} {[%emt 00:02:55]}
17. O-O-O {[%clk 00:17:05]} {[%emt 00:05:57]} Qd5 {[%clk 00:16:00]} {[%emt
00:00:15]} 18. Ne3 {[%clk 00:15:42]} {[%emt 00:01:53]} Qxb3 {[%clk 00:16:00]}
{[%emt 00:00:29]} 19. axb3 {[%clk 00:16:07]} {[%emt 00:00:05]} Bc6 {[%clk
00:15:51]} {[%emt 00:00:40]} 20. h3 {[%clk 00:14:15]} {[%emt 00:02:22]} Nd5
{[%emt 00:00:34]} 21. Nxd5 Bxd5 22. Bxg7 Rxg7 23. c4 Bc6 {[%clk 00:15:47]} 24.
b4 {[%clk 00:12:19]} b6 {[%emt 00:08:34]} 25. b5 {[%emt 00:00:11]} Bb7 {[%emt
00:00:05]} 26. Rhf1 {[%clk 00:09:13]} {[%emt 00:00:23]} Rgd7 {[%clk 00:15:21]}
{[%emt 00:02:14]} 27. Kc2 {[%clk 00:08:30]} {[%emt 00:01:13]} c6 {[%clk
00:14:08]} {[%emt 00:02:34]} 28. bxc6 {[%clk 00:10:04]} {[%emt 00:00:56]} Bxc6
{[%clk 00:14:34]} {[%emt 00:00:03]} 29. Rd2 {[%clk 00:10:11]} {[%emt 00:00:24]}
h5 {[%clk 00:13:10]} {[%emt 00:01:53]} 30. g4 {[%clk 00:08:30]} {[%emt
00:02:11]} hxg4 {[%clk 00:12:31]} {[%emt 00:01:09]} 31. hxg4 {[%clk 00:08:49]}
{[%emt 00:00:12]} f4 {[%clk 00:12:10]} {[%emt 00:00:51]} 32. Rd3 {[%clk
00:07:46]} {[%emt 00:01:33]} b5 {[%clk 00:09:53]} {[%emt 00:02:47]} 33. b3
{[%clk 00:03:05]} {[%emt 00:05:11]} a6 {[%clk 00:08:33]} {[%emt 00:01:50]} 34.
Rh1 {[%clk 00:02:49]} {[%emt 00:00:40]} Kc7 {[%clk 00:08:02]} {[%emt 00:01:06]}
35. Rh5 {[%clk 00:02:56]} {[%emt 00:00:22]} Rg7 {[%clk 00:08:03]} {[%emt
00:00:30]} 36. Rh6 {[%clk 00:02:49]} {[%emt 00:00:38]} Re8 {[%clk 00:08:08]}
{[%emt 00:00:25]} 37. Nc3 {[%clk 00:01:37]} {[%emt 00:01:41]} b4 {[%clk
00:08:00]} {[%emt 00:00:39]} 38. Ne4 {[%clk 00:00:57]} {[%emt 00:01:10]} Bxe4
{[%clk 00:08:18]} {[%emt 00:00:12]} 39. fxe4 {[%clk 00:01:22]} {[%emt
00:00:06]} Ree7 {[%clk 00:07:23]} {[%emt 00:01:25]} 40. Rh5 {[%clk 00:01:27]}
{[%emt 00:00:24]} e5 {[%clk 00:07:36]} {[%emt 00:00:17]} 41. d5 {[%clk
00:01:36]} {[%emt 00:00:22]} Kd6 {[%clk 00:07:30]} {[%emt 00:00:36]} 42. Rh6+
{[%clk 00:01:06]} {[%emt 00:00:59]} Kc5 {[%clk 00:07:29]} {[%emt 00:00:32]} 43.
Rc6# {[%clk 00:01:26]} {[%emt 00:00:06]} 1-0

[Event "XXVII MISTRZOSTWA WOJEWÓDZTWA PODLASKIEGO JUNIORÓW DO LAT 14 - C14"]
[Site "Białystok, Poland"]
[Date "2025.05.31"]
[Round "5.4"]
[White "Choinski, Ignacy"]
[Black "Obrycki, Tomasz"]
[Result "0-1"]
[WhiteElo "1521"]
[BlackElo "2055"]

1. d4 {[%clk 00:30:59]} Nf6 {[%clk 00:30:55]} {[%emt 00:00:06]} 2. Bg5 {[%clk
00:31:19]} {[%emt 00:00:09]} e6 {[%clk 00:31:05]} {[%emt 00:00:19]} 3. e4
{[%clk 00:31:43]} {[%emt 00:00:07]} Be7 {[%clk 00:31:21]} {[%emt 00:00:14]} 4.
e5 {[%clk 00:32:06]} {[%emt 00:00:08]} Nd5 {[%clk 00:31:24]} {[%emt 00:00:25]}
5. Bxe7 {[%clk 00:32:30]} {[%emt 00:00:07]} Qxe7 {[%clk 00:30:34]} {[%emt
00:01:19]} 6. c4 {[%clk 00:32:52]} {[%emt 00:00:09]} Nb6 {[%clk 00:30:42]}
{[%emt 00:00:17]} 7. Nc3 {[%clk 00:32:40]} {[%emt 00:00:47]} d6 {[%clk
00:30:57]} {[%emt 00:00:13]} 8. f4 {[%clk 00:32:16]} {[%emt 00:00:56]} dxe5
{[%clk 00:29:11]} {[%emt 00:02:16]} 9. fxe5 {[%clk 00:31:49]} {[%emt 00:00:57]}
Qb4 {[%clk 00:25:13]} {[%emt 00:04:24]} 10. Nge2 {[%clk 00:25:52]} {[%emt
00:06:30]} Nxc4 {[%clk 00:22:47]} {[%emt 00:02:57]} 11. a3 {[%clk 00:26:02]}
{[%emt 00:00:20]} Qb6 {[%clk 00:20:07]} {[%emt 00:03:05]} 12. Qa4+ {[%clk
00:24:02]} {[%emt 00:02:35]} Qc6 {[%clk 00:20:27]} {[%emt 00:00:09]} 13. Nb5
{[%clk 00:23:48]} {[%emt 00:00:45]} Bd7 {[%clk 00:20:36]} {[%emt 00:00:21]} 14.
Nec3 {[%clk 00:23:16]} {[%emt 00:01:02]} Nb6 {[%clk 00:20:10]} {[%emt
00:00:53]} 15. Qa5 {[%clk 00:22:21]} {[%emt 00:01:21]} Na6 {[%clk 00:18:56]}
{[%emt 00:01:49]} 16. b3 {[%clk 00:19:37]} {[%emt 00:03:16]} Nd5 {[%clk
00:18:30]} {[%emt 00:00:54]} 17. Ne4 {[%clk 00:14:16]} {[%emt 00:05:53]} Ne3
{[%clk 00:16:19]} {[%emt 00:02:37]} 18. Bd3 {[%clk 00:13:19]} {[%emt 00:01:31]}
Nc2+ {[%clk 00:15:16]} {[%emt 00:01:27]} 19. Bxc2 {[%clk 00:12:51]} {[%emt
00:01:03]} Qxc2 {[%clk 00:15:39]} {[%emt 00:00:08]} 20. Nc5 {[%clk 00:13:03]}
{[%emt 00:00:17]} Nxc5 {[%clk 00:15:34]} {[%emt 00:00:36]} 21. Nxc7+ {[%clk
00:12:51]} {[%emt 00:00:42]} Ke7 {[%clk 00:15:50]} {[%emt 00:00:09]} 22. dxc5
{[%clk 00:12:04]} {[%emt 00:01:21]} Qe4+ {[%clk 00:15:59]} {[%emt 00:00:18]} 23.
Kf2 {[%clk 00:11:46]} {[%emt 00:00:51]} Qd4+ {[%clk 00:16:19]} {[%emt
00:00:07]} 24. Kg3 {[%clk 00:10:08]} {[%emt 00:02:10]} Qe3+ {[%clk 00:16:39]}
{[%emt 00:00:11]} 25. Kh4 {[%clk 00:09:47]} {[%emt 00:00:52]} h5 {[%clk
00:16:30]} {[%emt 00:00:38]} 26. g3 {[%clk 00:09:23]} {[%emt 00:00:54]} g5+
{[%clk 00:16:54]} {[%emt 00:00:07]} 27. Kh3 {[%clk 00:09:11]} {[%emt 00:00:41]}
g4+ {[%clk 00:17:16]} {[%emt 00:00:08]} 28. Kh4 {[%clk 00:08:58]} {[%emt
00:00:44]} Rhg8 {[%clk 00:17:25]} {[%emt 00:00:20]} 29. Nxe6 {[%clk 00:08:48]}
{[%emt 00:00:40]} fxe6 {[%clk 00:17:46]} {[%emt 00:00:10]} 0-1